AS Monaco - Tous les joueurs (2010-2020) - Statistiques

Statistiques générales
  • Ce quiz a été pris 1 180 fois
  • Le résultat moyen est 50 sur 175
Statistiques - réponses
Saisons Nationalité Joueur Nb de matchs % Correct
2013-2015, 2016-2019 Colombie Radamel Falcao 108
96%
2012-2020 Croatie Danijel Subasic 242
95%
2015-2018 France Kylian Mbappé 41
93%
2014-2017 Portugal Bernardo Silva 101
90%
2013-2018 Brésil Fabinho 167
89%
2016-2020 Pologne Kamil Glik 128
88%
2012-2019 Italie Andrea Raggi 161
82%
2013-2014 Colombie James Rodriguez 34
82%
2018-2020 Portugal Adrien Silva 37
81%
2016-2017 France Benjamin Mendy 25
80%
2016-2019 France Djibril Sidibé 82
80%
2010-2013 France Nampalys Mendy 74
80%
2013-2018 Portugal Joao Moutinho 158
79%
2010-2017 France Valère Germain 159
79%
2018-2020 Russie Aleksandr Golovin 55
77%
2015-2020 Brésil Jemerson 109
76%
2019-2020 France Wissam Ben Yedder 26
76%
2015-2018 France Thomas Lemar 90
75%
2014-2017 France Tiémoué Bakayoko 63
71%
2011-2017 Maroc Nabil Dirar 125
69%
2012-2015 Belgique Yannick Carrasco 81
68%
2013-2015 Bulgarie Dimitar Berbatov 38
64%
2010-2011 Djimi Traoré Djimi Traoré 7
58%
2015-2020 Mali Adama Traoré 22
57%
2014-2015 Burkina Faso Alain Traoré 1
57%
2014-2016 Côte d'Ivoire Lacina Traoré 25
57%
2018-2020 Sénégal Fodé Ballo-Touré 39
56%
2013-2016 Portugal Ricardo Carvalho 95
55%
2013-2015 Rép. Centrafricaine Geoffrey Kondogbia 49
54%
2014-2015 Brésil Matheus Carvalho 8
54%
2013-2016 France Anthony Martial 49
53%
2018-2020 France Benoît Badiashile 36
53%
2018-2020 Espagne Cesc Fabregas 31
53%
2016-2017 France Loïc Badiashile 1
53%
2017-2020 Monténénro Stevan Jovetic 32
53%
2017-2019 Belgique Youri Tielemans 47
53%
2014-2019 France Almamy Touré 54
52%
2011-2013 Sénégal Ibrahima Touré 52
52%
2012-2015 Argentine Lucas Ocampos 80
52%
2019-2020 France Benjamin Lecomte 28
46%
2015-2016, 2017-2020 Portugal Rony Lopes 65
46%
2019-2020 France Youssouf Fofana 7
46%
2018-2020 Portugal Gelson Martins 37
45%
2013-2016 France Jérémy Toulalan 82
45%
2019-2020 Chili Guillermo Maripan 20
43%
2019-2020 France Ruben Aguilar 19
43%
2010-2016 France Layvin Kurzawa 75
42%
2018-2019 France Sofiane Diop 13
41%
2015-2018 Argentine Guido Carrillo 65
38%
2019-2020 Algérie Islam Slimani 18
38%
2017-2019 Italie Pietro Pellegri 6
37%
2017-2018, 2019-2020 Sénégal Keita Baldé 44
36%
2013-2015 Tunisie Aymen Abdennour 24
35%
2013-2014 France Eric Abidal 26
34%
2018-2019 France Willem Geubbels 1
34%
2011-2012 France Ludovic Giuly 27
33%
2012-2014 Italie Flavio Roma 2
32%
2010-2011 Gabon Pierre-Emerick Aubameyang 19
32%
2017-2018 Algérie Rachid Ghezzal 26
31%
2015-2016 Italie Stephan El Shaarawy 15
31%
2012-2014 Maroc Mounir Obbadi 48
29%
2018-2019 Belgique Nacer Chadli 16
29%
2010-2011 France Stéphane Ruffier 34
29%
2012-2014 France Emmanuel Rivière 44
28%
2014-2015, 2016-2017 Sénégal Abdou Diallo 10
27%
2018-2020 Allemagne Benjamin Henrichs 35
27%
2015-2017 Portugal Ivan Cavaleiro 14
27%
2017-2019 Suisse Diego Benaglio 26
26%
2016-2019 Sénégal Seydou Sy 7
26%
2018-2019 Guinée-Bissau Pelé 8
25%
2013-2016 Nigeria Elderson Echiéjilé 37
24%
2015-2016 Portugal Hélder Costa 25
23%
2013-2014 France Jessy Pi 5
23%
2010-2011 Mali Mahamadou Diarra 9
23%
2011-2012 Tahiti Marama Vahirua 12
23%
2015-2016 Brésil Vagner Love 12
23%
2016-2018 Brésil Jorge 24
22%
2015-2016 Croatie Mario Pasalic 16
22%
2013-2014 Espagne Borja Lopez 1
21%
2015-2016 Portugal Fabio Coentrao 15
21%
2014-2015 Pays-Bas Maarten Stekelenburg 1
21%
2010-2011 Cameroun Nicolas Nkoulou 30
21%
2013-2014 Argentine Sergio Romero 3
21%
2015-2016 France Farès Bahlouli 8
19%
2015-2018, 2019-2020 Brésil Gabriel Boschilia 26
19%
2010-2011 Corée du Sud Park Chu-young 33
19%
2016-2017 France Corentin Jean 2
18%
2011-2013 Uruguay Gary Kagelmacher 52
18%
2011-2013 Grèce Georgios Tzavellas 38
18%
2017-2018, 2019-2020 Portugal Gil Dias 15
18%
2016-2017 Italie Morgan De Sanctis 1
18%
2014-2015 France Aboubakar Kamara 2
17%
2011-2014 Allemagne Andreas Wolf 24
17%
2018-2019 Côte d'Ivoire Jean-Eudes Aholou 17
17%
2014-2016 Brésil Wallace 40
17%
2017-2020 France Moussa Sylla 24
16%
2018-2019 Brésil Naldo 7
16%
2018-2019 Maroc Youssef Aït Bennasser 13
16%
2010-2013 Brésil Adriano 61
15%
2012-2013 Danemark Jakob Poulsen 17
15%
2018-2019 Italie Antonio Barreca 7
14%
2010-2011 Roumanie Daniel Niculae 17
14%
2016-2017 France Irvin Cardona 3
14%
2017-2019 Espagne Jordi Mboula 10
14%
2016-2019 France Kevin N'Doram 20
13%
2015-2016 France Paul Nardi 2
13%
2010-2012 Suède Petter Hansson 47
13%
2018-2019 France Romain Faivre 1
13%
2010-2011 France Sébastien Puygrenier 31
12%
2017-2018 Pays-Bas Terence Kongolo 3
12%
2017-2018 France Adama Diakhaby 22
11%
2017-2018 France Allan Saint-Maximin 1
11%
2018-2019 Brésil Carlos Vinicius 16
11%
2011-2014 France Gary Coulibaly 48
11%
2010-2011 Honduras Georgie Welcome 13
11%
2019-2020 Nigeria Henry Onyekuru 4
11%
2010-2011 Rép. dém. du Congo Cédric Mongongu 19
10%
2010-2011 Rép. dém. du Congo Dieumerci Mbokani 10
10%
2011-2013 Cameroun Edgar Salli 32
10%
2018-2019 France Han-Noah Massengo 3
10%
2011-2012 Côte d'Ivoire Isaac Koné 3
10%
2019-2020 Afrique du Sud Lyle Foster 2
10%
2010-2011 Niger Moussa Maâzou 1
10%
2011-2013 Pays-Bas Nacer Barazite 11
10%
2011-2012 Hongrie Vladimir Koman 17
10%
2018-2019 France Wilson Isidor 1
10%
2011-2012 Grèce Alexandros Tziolis 3
9%
2010-2011 Cameroun Benjamin Moukandjo 16
9%
2012-2013 Algérie Carl Medjani 15
9%
2012-2013 Congo Delvin Ndinga 27
9%
2018-2019 France Georges-Kévin Nkoudou 3
9%
2018-2019 France Giulian Biancone 1
9%
2011-2012 France Johann Carrasso 11
9%
2019-2020 Angleterre Jonathan Panzo 2
9%
2010-2011 Nigeria Lukman Haruna 17
9%
2013-2014, 2016-2017 Rép. dém. du Congo Marcel Tisserand 7
9%
2011-2013 France Martin Sourzac 10
9%
2018-2019 France Samuel Grandsir 12
9%
2010-2012 France Thomas Mangani 28
9%
2011-2012 Norvège Thorstein Helstad 6
9%
2011-2013 France Tristan Dingomé 40
9%
2010-2011 Argentine Alejandro Alonso 4
8%
2012-2013 Suède Emir Bajrami 10
8%
2010-2011 Côte d'Ivoire Jean-Jacques Gosso 23
8%
2013-2014 France Nicolas Isimat-Mirin 6
8%
2018-2019 France Ronaël Pierre-Gabriel 4
8%
2010-2012 France Sébastien Chabbert 11
8%
2011-2013 France Eric Marester 38
7%
2010-2011 Côte d'Ivoire Igor Lolo 18
7%
2017-2019 France Julien Serrano 7
7%
2010-2011 France Laurent Bonnart 25
7%
2010-2011 France Mathieu Coutadeur 18
7%
2017-2018 France Soualiho Meïté 2
7%
2011-2013 France Valentin Eysseric 17
7%
2010-2012 France Vincent Muratori 27
7%
2011-2013 France Dennis Appiah 23
6%
2011-2012 France Jérôme Phojo 1
6%
2011-2012 France Marc-Aurèle Caillard 1
6%
2010-2011 Guinée Pascal Feindouno 5
6%
2010-2011 Togo Serge Gakpé 10
6%
2011-2013 France Stéphane Dumont 18
6%
2011-2012 France Terence Makengo 12
6%
2010-2012 Congo Chris Malonga 24
5%
2011-2012 France Frédéric Nimani 3
5%
2011-2012 France Kévin Diaz 1
5%
2010-2012 France Kévin Malcuit 3
5%
2011-2012 Nigeria Rabiu Afolabi 15
5%
2019-2020 France Aurélien Tchaouméni 3
4%
2011-2012 France Florian Pinteaux 12
4%
2010-2011 France Grégory Lacombe 8
4%
2011-2012 France Jérémy Labor 2
4%
2011-2012 Mali Sambou Yatabaré 9
4%
2010-2011 Gabon Frédéric Bulot 8
3%
2010-2011 Côte d'Ivoire Yannick Sagbo 1
2%
2011-2012 France Aadil Assani 5
1%
Aucun quiz correspondant
Distribution des résultats
% des personnes avec chaque résultat
Percentile par nombre de réponses
Votre historique - résultats
Vous n’avez pas pris ce quiz